LEADER 00840nam a2200217 i 4500 001 000000165783 003 CaOOAMICUS 005 20160126000000.0 008 160126s1902 it u000 u fre u 013 $a143151 040 $aSeMil$bita 100 1 $aSchuré, Édouard <1841-1929>.$0(OLS)http://semarc/name/22762 245 10$aHistoire du drame musical /$cpar Édouard Schuré. 250 $a4. Éd. 260 $aParis :$bPerrin & Cie,$c1902. 300 $aXVIII, 276 p., [1] p. di tav. :$bill. ;$c19 cm. 650 4$aDramma musicale - Storia.$0(OLS)http://semarc/subject/31451 850 $aSeMil 852 $aSeMil$W1$xVenegono$y1$m3Q I 32 ^$j116960$B116960$CSeMilBibl$Z2$F128797 $81 996 $6245$aHistoire du drame musical$9(OLS)http://semarc/title/236718 996 $6260$aParis :$bPerrin & Cie$9(OLS)http://semarc/publisher/38196 LEADER 00961nam a2200229 i 4500 001 000000188549 003 CaOOAMICUS 005 20100413000000.0 008 100413s1943 it u000 u ita u 013 $a166745 040 $aSeMil$bita 100 1 $aCrippa, Maria Antonietta.$0(OLS)http://semarc/name/2705 245 10$aMilano :$b1940-1955, bombardata e ricostruita /$cM. A. Crippa ... [et al.] ; a cura di Robi Ronza. 260 $aMilano :$b[s.n.],$c1943. 300 $a137 p. :$bill. ;$c27 cm. 500 $aContiene : Bibliografia. 650 4$aMilano - Storia - 1940-1955.$0(OLS)http://semarc/subject/35478 700 1 $aRonza, Robi,$d<1941- >.$0(OLS)http://semarc/name/20705 850 $aSeMil 852 $aSeMil$W1$xVenegono$y1$m598 895 *$j139188$B139188$CSeMilBibl$Z2$F150787 $81 996 $6245$aMilano :$b1940-1955, bombardata e ricostruita$9(OLS)http://semarc/title/271354 996 $6260$aMilano :$b[s.n.]$9(OLS)http://semarc/publisher/29709